Katy Perry Charting Songs (Billboard Hot 100) - Statistics

General Stats
  • This quiz has been taken 377 times
    128 since last reset
  • The average score is 19 of 36
Answer Stats
Album Weeks On Peak Artist(s) Song % Correct
Prism 57 Weeks #1 (4 Weeks) Katy Perry ft. Juicy J Dark Horse
96%
Prism 35 Weeks #1 (2 Weeks) Katy Perry Roar
96%
Teenage Dream 27 Weeks #1 (6 Weeks) Katy Perry ft. Snoop Dogg California Gurls
94%
Teenage Dream 33 Weeks #1 (2 Weeks) Katy Perry Teenage Dream
94%
Teenage Dream 30 Weeks #1 (5 Weeks) Katy Perry ft. Kanye West E.T.
88%
One of the Boys 23 Weeks #1 (7 Weeks) Katy Perry I Kissed a Girl
85%
Teenage Dream 39 Weeks #1 (4 Weeks) Katy Perry Firework
82%
One of the Boys 39 Weeks #3 Katy Perry Hot N Cold
81%
Teenage Dream: The Complete Confection 22 Weeks #1 (1 Week) Katy Perry Part of Me
72%
Teenage Dream: The Complete Confection 26 Weeks #2 Katy Perry Wide Awake
72%
Teenage Dream 24 Weeks #3 Katy Perry The One That Got Away
71%
Witness 15 Weeks #4 Katy Perry ft. Skip Marley Chained to the Rhythm
69%
Witness 10 Weeks #46 Katy Perry ft. Nicki Minaj Swish Swish
61%
Funk Wav Bounces Vol. 1 18 Weeks #20 Calvin Harris ft. Pharrell Williams, Katy Perry & Big Sean Feels
59%
Prism 20 Weeks #14 Katy Perry Unconditionally
55%
Prism 18 Weeks #17 Katy Perry Birthday
54%
Teenage Dream 24 Weeks #1 (2 Weeks) Katy Perry Last Friday Night (T.G.I.F.)
54%
One of the Boys 23 Weeks #9 Katy Perry Waking Up In Vegas
54%
Smile 13 Weeks #15 Katy Perry Never Really Over
53%
Witness 6 Weeks #59 Katy Perry ft. Migos Bon Appetit
52%
Prism 18 Weeks #24 Katy Perry This Is How We Do
49%
Non-Album Single 9 Weeks #11 Katy Perry Rise
45%
Non-Album Single 25 Weeks #22 Daddy Yankee & Katy Perry ft. Snow Con Calma
44%
One of the Boys 15 Weeks #29 Katy Perry Thinking of You
42%
Orbit 1 Week #86 Zedd & Katy Perry 365
39%
Smile 7 Weeks #40 Katy Perry Daisies
35%
143 1 Week #63 Katy Perry Woman's World
35%
Prism 1 Week #34 Katy Perry Walking on Air
31%
Non-Album Single 4 Weeks #90 Alesso & Katy Perry When I'm Gone
28%
Shock Value II 18 Weeks #37 Timbaland ft. Katy Perry If We Ever Meet Again
27%
Teenage Dream 1 Week #58 Katy Perry Circle the Drain
24%
Want 12 Weeks #66 3OH!3 ft. Katy Perry Starstrukk
21%
Paradise Valley 2 Weeks #48 John Mayer ft. Katy Perry Who You Love
18%
Teenage Dream 1 Week #53 Katy Perry Not Like The Movies
15%
Smile 1 Week #81 Katy Perry Small Talk
15%
Non-Album Single 2 Weeks #53 Katy Perry Cozy Little Christmas
9%
No matching quizzes found
Score Distribution
Percent of People with Each Score
Percentile by Number Answered
Your Score History
You have not taken this quiz since the last reset